00261nam a2200109Ia 4500008004100000100002100041245003800062260002000100300000900120942000700129999001500136190216s9999||||xx |||||||||||||| ||und|| aClive De Paula F 0aManagement Accounting In Practice bMacmillanc1969 a213p cBK c4628d4628